Prídavky na deti - zmena v rozhodujúcom období aj bez novely zákona

Prídavky na deti ako jedna zo základných dávok v rámci systému štátnej sociálnej podpory. Poskytovanie tejto dávky upravuje zákon NR SR č. 193/1994 Z.z. o prídavkoch na deti a o príplatku k prídavkom na deti v znení neskorších predpisov. Základné podmienky nároku na prídavky na deti. Príklady.

Gespeichert in:
Bibliographische Detailangaben
1. Verfasser: Matlák, Ján
Format: Buchkapitel
Sprache:Slowakisch
Schlagworte:
Tags: Tag hinzufügen
Keine Tags, Fügen Sie das erste Tag hinzu!

MARC

LEADER 00000naa a2200000 4500
001 r041021
005 20231002080832.1
041 0 |a slo 
044 |a SK 
245 1 0 |a Prídavky na deti - zmena v rozhodujúcom období aj bez novely zákona  |c Ján Matlák 
520 |a Prídavky na deti ako jedna zo základných dávok v rámci systému štátnej sociálnej podpory. Poskytovanie tejto dávky upravuje zákon NR SR č. 193/1994 Z.z. o prídavkoch na deti a o príplatku k prídavkom na deti v znení neskorších predpisov. Základné podmienky nároku na prídavky na deti. Príklady. 
610 2 0 |a prídavky na deti 
610 2 0 |a dávky sociálne 
610 2 0 |a predpisy právne 
610 2 0 |a minimum existenčné 
100 1 |a Matlák, Ján